Movies Quiz

Random Movies or Letter Quiz
Score 0/20 Timer 07:00
0 Plays Today
% Correct
Danai Gurira
87.4%
Lady Gaga
86.8%
Ariana Grande
84.9%
Melissa Gilbert
82.4%
Jennie Garth
79.7%
Eva Gabor
78.3%
Anna Gunn
77.2%
Maggie Grace
77.2%
Selena Gomez
75.3%
Virginia Grey
73.4%
% Correct
Valeria Golino
72.8%
Janeane Garofalo
69.2%
Robin Givens
67.9%
Ruth Gordon
65.7%
Carla Gugino
65.4%
Teri Garr
63.5%
Betty Grable
60.4%
Barbara Bel Geddes
52.5%
Anna Galiena
48.4%
Marie Gillain
42%
Remove Ads.
Support Sporcle.
Get the best of Sporcle when you Go Orange. This ad-free experience offers more features, more stats, and more fun while also helping to support Sporcle. Thank you for becoming a member.

You're not logged in!

Compare scores with friends on all Sporcle quizzes.
OR
Log In

Show Comments

Extras

Top Quizzes Today


Score Distribution

Your Account Isn't Verified!

In order to create a playlist on Sporcle, you need to verify the email address you used during registration. Go to your Sporcle Settings to finish the process.

Report this User

Report this user for behavior that violates our Community Guidelines.

Details: